00756 2200169 4500245009000000020002200090250001100112100002500123650002000148005001900168260004200187041001400229084000800243300001500251500031100266336000900577 aBilang Begini Maksudnya Begitu b : Buku Apresiasi PuisicSapardi Djoko DamonohText a978-602-03-2954-3 aCet. 2 aSapardi Djoko Damono aPuisi Indonesia a20231002130928 aJakartabGramedia Pustaka Utamac2016 aIndonesia a811 a138 hlm. : aKonon puisi adalah mahkota bahasa. Puisi adalah hasil yang dicapai jika seseorang mampu bermain dengan bahasanya. Apa yang ditulis penyair tidak serta merta bisa diartikan secara harfiah. Gerimis bukan berarti hujan, dan bunga belum tentu berarti kembang keap penyair bilang beginii, tapi maksudnya begitu. atext